The Frank C. Brown Collection of North Carolina Folklore : (Record no. 7055)
[ view plain ]
| 000 -LEADER | |
|---|---|
| fixed length control field | 01832cam a22003371 4500 |
| 001 - CONTROL NUMBER | |
| control field | 7055 |
| 003 - CONTROL NUMBER IDENTIFIER | |
| rucl marc code | BD-RjUL |
| 005 - DATE AND TIME OF LATEST TRANSACTION | |
| control field | 20211208234347.0 |
| 008 - FIXED-LENGTH DATA ELEMENTS--GENERAL INFORMATION | |
| fixed length control field | 130114r19591952ncuacg b 001 0 eng d |
| 035 ## - SYSTEM CONTROL NUMBER | |
| System control number | (BD-RjUL)7097 |
| System control number | (OCoLC)349491 |
| 040 ## - CATALOGING SOURCE | |
| Original cataloging agency | DLC |
| Transcribing agency | OAU |
| Modifying agency | OCoLC |
| -- | NBrockU |
| -- | OCoLC |
| -- | ICarbS |
| -- | OCoLC |
| -- | DLC |
| -- | BD-RjUL |
| Language of cataloging | eng |
| 041 ## - LANGUAGE CODE | |
| Language code of text/sound track or separate title | eng |
| 082 ## - DEWEY DECIMAL CLASSIFICATION NUMBER | |
| Classification number | 398 |
| Author mark and year | FRA 1959 |
| 110 2# - MAIN ENTRY--CORPORATE NAME | |
| Corporate name or jurisdiction name as entry element | Duke University. |
| Subordinate unit | Library. |
| -- | Frank C. Brown Collection of North Carolina Folklore. |
| 9 (RLIN) | 22097 |
| 245 14 - TITLE STATEMENT | |
| Title | The Frank C. Brown Collection of North Carolina Folklore : |
| Remainder of title | the folklore of North Carolina, collected by Dr. Frank C. Brown during the years 1912 to 1943, in collaboration with the North Carolina Folklore Society of which he was secretary-treasurer 1913-1943 / |
| Statement of responsibility, etc. | General editor: Newman Ivey White; associate editors: Henry M. Belden [and others] Wood engravings by Clare Leighton. |
| Number of part/section of a work | Volume 1 |
| 260 ## - PUBLICATION, DISTRIBUTION, ETC. (IMPRINT) | |
| Place of publication, distribution, etc. | Durham, N.C., |
| Name of publisher, distributor, etc. | Duke University Press |
| Date of publication, distribution, etc. | c1952 [printed 1959] |
| 300 ## - PHYSICAL DESCRIPTION | |
| Pagination | 1 v. (xiv, 712 p.) |
| Illustrations | illus., port., music. |
| Size | 23 cm. |
| 504 ## - BIBLIOGRAPHY, ETC. NOTE | |
| Bibliography, etc | Includes bibliographies. |
| 505 0# - FORMATTED CONTENTS NOTE | |
| Formatted contents note | v. 1. Games and rhymes. Beliefs and customs. Riddles. Proverbs. Speech. Tales and legends.--v. 2. Folk ballads from North Carolina.--v. 3. Folk songs from North Carolina.--v. 4. The music of the ballads.--v. 5. The music of the folk songs.--v. 6-7. Popular beliefs and superstitions from North Carolina. |
| 650 #0 - SUBJECT ADDED ENTRY--TOPICAL TERM | |
| Topical term or geographic name as entry element | Folklore |
| Geographic subdivision | North Carolina. |
| 9 (RLIN) | 22099 |
| Topical term or geographic name as entry element | Folk songs, English |
| Geographic subdivision | North Carolina. |
| 9 (RLIN) | 22100 |
| 700 1# - ADDED ENTRY--PERSONAL NAME | |
| Personal name | White, Newman Ivey, |
| Dates associated with a name | 1892-1948, |
| Relator term | ed. |
| Personal name | Brown, Frank Clyde, |
| Dates associated with a name | 1870-1943. |
| 710 2# - ADDED ENTRY--CORPORATE NAME | |
| Corporate name or jurisdiction name as entry element | North Carolina Folklore Society. |
| 9 (RLIN) | 22103 |
| 942 ## - ADDED ENTRY ELEMENTS (KOHA) | |
| Source of classification or shelving scheme | Dewey Decimal Classification |
| Koha item type | Books |
| Lost status | Source of classification or shelving scheme | Materials specified (bound volume or other part) | Damaged status | Not for loan | Collection code | Permanent Location | Current Location | Shelving location | Date acquired | Source of acquisition | Cost, normal purchase price | Total Checkouts | Full call number | Date last seen | Copy number | Koha item type |
|---|---|---|---|---|---|---|---|---|---|---|---|---|---|---|---|---|
| Dewey Decimal Classification | V-1 | Not For Loan | Non-fiction | Central Library, University of Rajshahi | Central Library, University of Rajshahi | 23/05/1966 | Zeitlinger | 480.00 | 398 FRA 1959 | 13/01/2014 | C-1 | Books | ||||
| Dewey Decimal Classification | Non-fiction | Central Library, University of Rajshahi | Central Library, University of Rajshahi | 23/05/1966 | Zeitlinger | 480.00 | 398 FRA 1959 | 02/08/2016 | C-2 | Books | ||||||
| Dewey Decimal Classification | Non-fiction | Central Library, University of Rajshahi | Central Library, University of Rajshahi | 23/05/1966 | Zeitlinger | 480.00 | 398 FRA 1959 | 02/08/2016 | C-3 | Books | ||||||
| Dewey Decimal Classification | Non-fiction | Central Library, University of Rajshahi | Central Library, University of Rajshahi | 23/05/1966 | Zeitlinger | 480.00 | 398 FRA 1959 | 02/08/2016 | C-4 | Books |